Statistiques concernant Equipe Belge à la Coupe du Monde 2014

Cliquez ici pour prendre le quiz!

Statistiques générales

  • Ce quiz a été pris 658 fois
  • Le résultat moyen est 15 sur 24

Statistiques - réponses

HintRéponse% Correct
MilieuEden Hazard
96%
GardienThibaut Courtois
96%
AttaquantRomelu Lukaku
92%
MilieuMarouane Fellaini
85%
DéfenseurVincent Kompany
84%
DéfenseurJan Vertonghen
80%
MilieuAxel Witsel
79%
MilieuKevin De Bruyne
79%
GardienSimon Mignolet
79%
SélectionneurMarc Wilmots
78%
MilieuDries Mertens
74%
AttaquantDivock Origi
67%
DéfenseurThomas Vermaelen
64%
DéfenseurToby Alderweireld
63%
DéfenseurDaniel Van Buyten
59%
MilieuMoussa Dembele
55%
MilieuNacer Chadli
53%
AttaquantKevin Mirallas
52%
MilieuSteven Defour
43%
DéfenseurAnthony Vanden Borre
38%
DéfenseurLaurent Ciman
38%
MilieuAdnan Januzaj
35%
DéfenseurNicolas Lombaerts
30%
GardienSammy Bossut
26%

Distribution des résultats

Percentile par nombre de réponses

% des personnes avec chaque résultat

Votre développement - résultats

Vous n’avez pas pris ce quiz